[Event "SC Rochade Rüttenscheid 1 - SV Unser Fr"]
[Site "Verbandsklasse, Gruppe 3 2017"]
[Date "2017.09.17"]
[Round "1.1"]
[White "Singbeil, Holger"]
[Black "Dergatschova, Anna"]
[Result "0-1"]
[WhiteElo "1985"]
[BlackElo "2114"]
[PlyCount "70"]
[EventDate "2017.??.??"]

1. Nf3 c5 2. c4 Nc6 3. g3 g6 4. Bg2 Bg7 5. O-O e6 6. e4 Nge7 7. Nc3 O-O 8. d3
d5 9. Bg5 h6 10. Bxe7 Nxe7 11. Qc2 d4 12. Ne2 Rb8 13. Nd2 Nc6 14. a3 e5 15. f4
Bg4 16. Bf3 Bh3 17. Bg2 Bg4 18. Bf3 Qd7 19. Bxg4 Qxg4 20. Rf2 h5 21. Kg2 Qd7
22. f5 Bh6 23. Nf1 Ne7 24. f6 Nc8 25. b4 b6 26. Rf3 Nd6 27. h3 Rfc8 28. Ng1 Ne8
29. Qf2 Rc6 30. Qe2 Nxf6 31. Qf2 Ne8 32. Ne2 b5 33. cxb5 Rxb5 34. Nd2 Bxd2 35.
Ng1 Be3 0-1

[Event "SC Rochade Rüttenscheid 1 - SV Unser Fr"]
[Site "Verbandsklasse, Gruppe 3 2017"]
[Date "2017.09.17"]
[Round "1.2"]
[White "Khasin, Abram"]
[Black "Mueller, Martin"]
[Result "0-1"]
[WhiteElo "2083"]
[BlackElo "2011"]
[PlyCount "58"]
[EventDate "2017.??.??"]

1. d4 f5 2. g3 Nf6 3. Bg2 g6 4. Nf3 Bg7 5. c4 O-O 6. Nc3 d6 7. Qc2 Qe8 8. b3
Na6 9. Ba3 c5 10. Rd1 e5 11. dxe5 dxe5 12. e4 Rb8 13. O-O Nb4 14. Qb1 a6 15.
Rfe1 f4 16. Rd6 Nh5 17. Nd5 Bg4 18. Nd2 fxg3 19. fxg3 Rf7 20. Nxb4 cxb4 21.
Bxb4 Bf8 22. Rb6 Qd8 23. c5 a5 24. Qc2 Qd4+ 25. Kh1 axb4 26. Rb5 Rc8 27. h3 Be2
28. Rxe2 Nxg3+ 29. Kh2 Nxe2 0-1

[Event "SC Rochade Rüttenscheid 1 - SV Unser Fr"]
[Site "Verbandsklasse, Gruppe 3 2017"]
[Date "2017.09.17"]
[Round "1.3"]
[White "Jungbluth, Michael"]
[Black "Lindenmaier, Reinhard"]
[Result "1/2-1/2"]
[WhiteElo "1860"]
[BlackElo "1995"]
[PlyCount "127"]
[EventDate "2017.??.??"]

1. d4 c5 2. Nf3 cxd4 3. Nxd4 Nc6 4. Nb3 d5 5. g3 Nf6 6. Bg2 Bf5 7. Nc3 e6 8.
O-O Be7 9. Nb5 O-O 10. N5d4 Be4 11. f3 Bg6 12. c3 a5 13. a4 e5 14. Nb5 Qb6+ 15.
e3 Na7 16. Qe2 Nxb5 17. Qxb5 Qxb5 18. axb5 a4 19. Nd2 Bd3 20. Rf2 Bxb5 21. Bf1
Bc6 22. b3 axb3 23. Rxa8 Rxa8 24. Nxb3 Nd7 25. c4 dxc4 26. Bxc4 Nc5 27. Bb2
Nxb3 28. Bxb3 Bc5 29. Kg2 Bxe3 30. Re2 Bd4 31. Bxd4 exd4 32. Re7 Rf8 33. Kf2 g6
34. g4 h6 35. f4 Kg7 36. g5 hxg5 37. fxg5 b6 38. h4 d3 39. Rc7 Be4 40. Ke3 Bf5
41. Kd2 b5 42. Rb7 b4 43. Rxb4 Re8 44. Rb7 Re2+ 45. Kd1 Be6 46. Bxe6 Rxe6 47.
Rb4 Re2 48. Rd4 Rh2 49. Rf4 Kf8 50. Re4 Rg2 51. Rd4 Ke7 52. Rxd3 Ke6 53. Ke1
Rh2 54. Rd4 Kf5 55. Kf1 Ra2 56. Rb4 Rd2 57. Ra4 Ke5 58. Rb4 Kf5 59. Ra4 Rh2 60.
Rc4 Rd2 61. Rb4 Ke5 62. Ra4 Rd4 63. Rxd4 Kxd4 64. Kf2 1/2-1/2

[Event "SC Rochade Rüttenscheid 1 - SV Unser Fr"]
[Site "Verbandsklasse, Gruppe 3 2017"]
[Date "2017.09.17"]
[Round "1.4"]
[White "Dorgarten, Armin"]
[Black "Goessling, Juergen"]
[Result "1-0"]
[WhiteElo "1928"]
[BlackElo "1749"]
[PlyCount "27"]
[EventDate "2017.??.??"]

1. d4 d6 2. Bf4 Nd7 3. Nf3 g6 4. Nc3 Bg7 5. Qd2 e6 6. h4 Qe7 7. O-O-O Nb6 8. e4
a6 9. h5 Bd7 10. h6 Bf8 11. Bd3 O-O-O 12. a3 f6 13. e5 d5 14. exf6 1-0

[Event "SC Rochade Rüttenscheid 1 - SV Unser Fr"]
[Site "Verbandsklasse, Gruppe 3 2017"]
[Date "2017.09.17"]
[Round "1.6"]
[White "Storp, Thomas"]
[Black "Koch, Till"]
[Result "1/2-1/2"]
[WhiteElo "1820"]
[BlackElo "1776"]
[PlyCount "38"]
[EventDate "2017.??.??"]

1. e4 e6 2. d4 d5 3. exd5 exd5 4. Nf3 Nf6 5. Bd3 Bg4 6. O-O Be7 7. Re1 O-O 8.
Bg5 Nbd7 9. Nbd2 Re8 10. c3 h6 11. Bh4 Nh5 12. Bxe7 Rxe7 13. Qc2 Qe8 14. Bf5
Bxf5 15. Qxf5 Nhf6 16. Rxe7 Qxe7 17. Re1 Qd6 18. Ne5 Re8 19. Ndf3 Qe6 1/2-1/2

[Event "SC Rochade Rüttenscheid 1 - SV Unser Fr"]
[Site "Verbandsklasse, Gruppe 3 2017"]
[Date "2017.09.17"]
[Round "1.7"]
[White "Engelmann, Chris"]
[Black "Bruckmann, Jochen"]
[Result "1/2-1/2"]
[WhiteElo "1651"]
[BlackElo "1787"]
[PlyCount "34"]
[EventDate "2017.??.??"]

1. e4 c5 2. Nf3 Nc6 3. d4 cxd4 4. Nxd4 g6 5. Be2 Bg7 6. Be3 Nf6 7. Nc3 O-O 8.
Qd2 d5 9. exd5 Nxd5 10. Nxd5 Qxd5 11. Bf3 Qd7 12. Nxc6 bxc6 13. Qxd7 Bxd7 14.
O-O-O Rfd8 15. Bf4 e5 16. Be3 Rab8 17. b3 a5 1/2-1/2

[Event "Hervest-Dorstener SK 1 - SC Buer-Hassel"]
[Site "Verbandsklasse, Gruppe 3 2017"]
[Date "2017.09.17"]
[Round "1.1"]
[White "Griebl, Joern"]
[Black "Doering, Carsten"]
[Result "1-0"]
[WhiteElo "2195"]
[BlackElo "1961"]
[Annotator "Daniel"]
[PlyCount "63"]
[EventDate "2017.??.??"]

1. d4 Nf6 2. c4 g6 3. Nc3 Bg7 4. e4 d6 5. Nf3 O-O 6. Be2 e5 7. O-O Na6 8. Be3
Ng4 9. Bg5 Qe8 10. dxe5 dxe5 11. h3 h6 12. hxg4 hxg5 13. Nxg5 Qe7 14. Nh3 c6
15. Qd2 Nc5 16. g3 Ne6 17. Rae1 Nd4 18. Bd1 Be6 19. b3 Rad8 20. Qe3 a6 21. Kg2
b5 22. cxb5 axb5 23. f3 Ra8 24. Rh1 Qa3 25. Ng5 Qb2+ 26. Kg1 Rfd8 27. Rh2 Qa3
28. Nh7 Qe7 29. g5 Qa7 30. Nf6+ Kf8 31. f4 Qc5 32. Rf2 {ZAo} 1-0

[Event "Hervest-Dorstener SK 1 - SC Buer-Hassel"]
[Site "Verbandsklasse, Gruppe 3 2017"]
[Date "2017.09.17"]
[Round "1.2"]
[White "Hermanowski, Mark"]
[Black "Bossy, Arnim"]
[Result "0-1"]
[WhiteElo "1840"]
[BlackElo "2145"]
[PlyCount "52"]
[EventDate "2017.??.??"]

1. e4 d5 2. e5 c5 3. f4 Nc6 4. Nc3 h5 5. Be2 g6 6. Bf3 e6 7. d3 Nh6 8. Nce2 Nf5
9. Nh3 Be7 10. c3 Qb6 11. g3 Bd7 12. Nf2 O-O-O 13. O-O g5 14. fxg5 Nxe5 15. Bg2
Rdg8 16. Nh3 Nxd3 17. Rxf5 Nxc1 18. Rxf7 Nxe2+ 19. Qxe2 Bxg5 20. Raf1 Qd6 21.
Nxg5 Rxg5 22. Bh3 h4 23. Qe3 Rhg8 24. g4 d4 25. Qd2 Bc6 26. c4 Rxg4+ 0-1

[Event "Hervest-Dorstener SK 1 - SC Buer-Hassel"]
[Site "Verbandsklasse, Gruppe 3 2017"]
[Date "2017.09.17"]
[Round "1.3"]
[White "Wolff, Christoph"]
[Black "Tig, Achmet"]
[Result "0-1"]
[WhiteElo "1954"]
[BlackElo "1916"]
[PlyCount "60"]
[EventDate "2017.??.??"]

1. e4 c5 2. Nf3 d6 3. d4 cxd4 4. Nxd4 Nf6 5. Nc3 g6 6. Be3 Bg7 7. f3 O-O 8. Qd2
Nc6 9. O-O-O d5 10. exd5 Nxd5 11. Nxc6 bxc6 12. Bd4 e5 13. Bc5 Be6 14. Ne4 Re8
15. Nd6 Re7 16. Nc4 Rd7 17. Bd3 Nf4 18. b3 Bxc4 19. bxc4 Qf6 20. Qc3 Rad8 21.
Qb3 Nxg2 22. Be2 e4 23. c3 exf3 24. Rxd7 Rxd7 25. Bxf3 Qg5+ 26. Kb1 Qxc5 27.
Bxg2 Qf5+ 28. Qc2 Rb7+ 29. Kc1 Bh6+ 30. Kd1 Rd7+ 0-1

[Event "Hervest-Dorstener SK 1 - SC Buer-Hassel"]
[Site "Verbandsklasse, Gruppe 3 2017"]
[Date "2017.09.17"]
[Round "1.4"]
[White "Nowok, Frank"]
[Black "Hirschberg, Markus"]
[Result "0-1"]
[WhiteElo "1875"]
[BlackElo "1797"]
[PlyCount "80"]
[EventDate "2017.??.??"]

1. e4 e6 2. d4 d5 3. Nc3 Bb4 4. exd5 Bxc3+ 5. bxc3 exd5 6. Bd3 Qe7+ 7. Ne2 Nf6
8. a4 Nbd7 9. Ba3 c5 10. O-O O-O 11. Ng3 g6 12. Re1 Qd6 13. Qf3 b6 14. Bc1 Re8
15. Bf4 Qf8 16. Be5 Re6 17. Re3 Bb7 18. Qf4 Rae8 19. Nf5 Nxe5 20. Nh6+ Kg7 21.
dxe5 Nd7 22. Rae1 c4 23. Bf1 Qe7 24. Ng4 h5 25. Nf6 Nxf6 26. exf6+ Qxf6 27. Qg3
Bc6 28. a5 Ba4 29. axb6 axb6 30. h3 Bxc2 31. Rxe6 Rxe6 32. Rxe6 Qxe6 33. Kh2
Qe1 34. Qe3 Qxe3 35. fxe3 Bd3 36. Kg1 Kf6 37. g3 Bxf1 38. Kxf1 Ke5 39. Kf2 Ke4
40. Ke2 b5 0-1

[Event "Hervest-Dorstener SK 1 - SC Buer-Hassel"]
[Site "Verbandsklasse, Gruppe 3 2017"]
[Date "2017.09.17"]
[Round "1.5"]
[White "Wingerning, Gerd"]
[Black "Hater, Norbert"]
[Result "0-1"]
[WhiteElo "1757"]
[BlackElo "1879"]
[PlyCount "74"]
[EventDate "2017.??.??"]

1. e4 d5 2. exd5 Qxd5 3. Nc3 Qd6 4. d4 Nf6 5. Nf3 Bf5 6. Bc4 e6 7. O-O Be7 8.
Qe2 O-O 9. Nb5 Qd8 10. Bf4 Na6 11. c3 c6 12. Na3 Nc7 13. Bxc7 Qxc7 14. Nc2 Rfd8
15. Rfe1 Bg4 16. Ne3 Bh5 17. Nf1 Nd5 18. Ng3 Bxf3 19. Qxf3 Rd7 20. Re5 Rad8 21.
Rae1 Nf6 22. Ne4 h6 23. Nxf6+ Bxf6 24. Rh5 Qd6 25. Bd3 Qf8 26. Re4 Rd5 27. h3
Rxh5 28. Qxh5 c5 29. Qf3 cxd4 30. Rg4 Qe7 31. cxd4 Bxd4 32. Rg3 Bxb2 33. Qe4 f5
34. Qe3 Bd4 35. Qxh6 Be5 36. Bxf5 Rd1+ 37. Kh2 Bxg3+ 0-1

[Event "Hervest-Dorstener SK 1 - SC Buer-Hassel"]
[Site "Verbandsklasse, Gruppe 3 2017"]
[Date "2017.09.17"]
[Round "1.6"]
[White "Vengels, Joachim"]
[Black "Lazarev, Vadim"]
[Result "1-0"]
[WhiteElo "1967"]
[BlackElo "1753"]
[PlyCount "87"]
[EventDate "2017.??.??"]

1. e4 e5 2. d4 exd4 3. Nf3 Nc6 4. Bc4 Bb4+ 5. c3 dxc3 6. Nxc3 Nge7 7. Ng5 Ne5
8. Bb3 O-O 9. f4 N5g6 10. Qh5 h6 11. Nxf7 Rxf7 12. Bxf7+ Kxf7 13. f5 Nxf5 14.
Qxf5+ Qf6 15. Qd5+ Ke7 16. Bd2 c6 17. Qc4 Bd6 18. O-O-O b5 19. Qb3 Qe6 20.
Qxe6+ dxe6 21. Ne2 e5 22. h3 Be6 23. Kb1 Rf8 24. Rhf1 Rxf1 25. Rxf1 Bc4 26. Re1
Bd3+ 27. Kc1 Bxe4 28. Nf4 Bf5 29. g4 Nxf4 30. Bxf4 Be6 31. Bxe5 Bxe5 32. Rxe5
Kf6 33. Re3 Bxa2 34. b3 a5 35. Kb2 Bxb3 36. Kxb3 c5 37. h4 g6 38. Re8 h5 39.
gxh5 gxh5 40. Rb8 a4+ 41. Ka3 Kf5 42. Rc8 c4 43. Rc5+ Kf4 44. Rxh5 1-0

[Event "Hervest-Dorstener SK 1 - SC Buer-Hassel"]
[Site "Verbandsklasse, Gruppe 3 2017"]
[Date "2017.09.17"]
[Round "1.7"]
[White "Semina, Svetlana"]
[Black "Kudsin, Alexander"]
[Result "1-0"]
[WhiteElo "2126"]
[BlackElo "1819"]
[PlyCount "69"]
[EventDate "2017.??.??"]

1. e4 d6 2. d4 Nf6 3. Nc3 g6 4. f3 Bg7 5. Be3 c6 6. Qd2 O-O 7. O-O-O Nbd7 8. g4
Qc7 9. h4 h5 10. g5 Ne8 11. f4 b5 12. Nf3 Nb6 13. Bd3 Bg4 14. Rdf1 Qb7 15. Nh2
Bd7 16. f5 Nc4 17. Qe2 Nxe3 18. Qxe3 Qb6 19. fxg6 Qxd4 20. gxf7+ Rxf7 21. Qe2
Be6 22. Qxh5 Nc7 23. Rxf7 Bxf7 24. g6 Qe3+ 25. Kb1 Be6 26. Qh7+ Kf8 27. Rf1+
Bf6 28. g7+ Ke8 29. Ng4 Bxg4 30. g8=Q+ Kd7 31. Qxg4+ Kd8 32. Qhg8+ Ne8 33. Nd1
Qb6 34. Rxf6 exf6 35. Q4e6 1-0

[Event "Hervest-Dorstener SK 1 - SC Buer-Hassel"]
[Site "Verbandsklasse, Gruppe 3 2017"]
[Date "2017.09.17"]
[Round "1.8"]
[White "Schmidt, Christian"]
[Black "Althoff, Christoph"]
[Result "1/2-1/2"]
[WhiteElo "1725"]
[BlackElo "1920"]
[PlyCount "79"]
[EventDate "2017.??.??"]

1. Nf3 d6 2. c4 e5 3. d3 g6 4. b4 Bg7 5. Bb2 f5 6. g3 Nf6 7. Bg2 O-O 8. O-O Nh5
9. e4 f4 10. Nbd2 fxg3 11. fxg3 Bg4 12. Qb3 Qe7 13. Rae1 Nd7 14. d4 c5 15. bxc5
dxc5 16. d5 b6 17. Qe3 Rae8 18. Ng5 Bh6 19. h4 Rxf1+ 20. Rxf1 Rf8 21. Rf2 Rxf2
22. Kxf2 Bxg5 23. hxg5 Ng7 24. Bf3 Bxf3 25. Nxf3 Ne8 26. Qc3 Nd6 27. Ke3 Nf7
28. Kd3 Nxg5 29. Nxe5 Nf6 30. Qe1 Nfxe4 31. Nc6 Qf7 32. Be5 Nf2+ 33. Kc2 Qf5+
34. Kb3 Qd3+ 35. Qc3 Qb1+ 36. Qb2 Qd3+ 37. Qc3 Qb1+ 38. Qb2 Qd3+ 39. Qc3 Qb1+
40. Qb2 1/2-1/2

[Event "SG Winz-Baak 1 - SV Bochum-Linden 1"]
[Site "Verbandsklasse, Gruppe 3 2017"]
[Date "2017.09.17"]
[Round "1.1"]
[White "Hahn, Matthias"]
[Black "Schwake, Peter"]
[Result "1-0"]
[WhiteElo "2074"]
[BlackElo "1883"]
[PlyCount "75"]
[EventDate "2017.??.??"]

1. d4 Nf6 2. Nf3 d5 3. c4 e6 4. Nc3 c6 5. Bg5 Nbd7 6. cxd5 exd5 7. e3 Be7 8.
Bd3 h6 9. Bh4 O-O 10. Qc2 Re8 11. O-O Nf8 12. Rab1 Ne4 13. Bxe7 Qxe7 14. Ne5 f6
15. Nf3 Bf5 16. Rfe1 Bh7 17. b4 Rac8 18. Na4 Nd6 19. Nd2 Bxd3 20. Qxd3 f5 21.
Nc5 Qf6 22. Nf3 b6 23. Na4 Ng6 24. g3 Rc7 25. Nc3 Rce7 26. b5 Nc4 27. bxc6 Qxc6
28. Rbc1 Nd6 29. Qb1 Qb7 30. Qb3 Ne4 31. Nxd5 Kh7 32. Nxe7 Rxe7 33. Qb5 Nxg3
34. Qc6 Qxc6 35. Rxc6 Ne4 36. Rec1 f4 37. Rc7 fxe3 38. fxe3 1-0

[Event "SG Winz-Baak 1 - SV Bochum-Linden 1"]
[Site "Verbandsklasse, Gruppe 3 2017"]
[Date "2017.09.17"]
[Round "1.2"]
[White "Kotzem, Ernst"]
[Black "Boehm, Ingo"]
[Result "0-1"]
[WhiteElo "1802"]
[BlackElo "2066"]
[Annotator "Daniel"]
[PlyCount "76"]
[EventDate "2017.??.??"]

1. e4 c6 2. d4 d5 3. e5 Bf5 4. Nc3 e6 5. g4 Bg6 6. Nge2 f6 7. h4 Nd7 8. f4 Nh6
9. Ng3 Qc7 10. g5 Nf5 11. Nxf5 Bxf5 12. Bh3 Bxh3 13. Rxh3 O-O-O 14. Bd2 Kb8 15.
Qe2 f5 16. O-O-O Be7 17. Be1 Rc8 18. Kb1 $11 c5 19. dxc5 Nxc5 20. Bf2 a6 21.
Bd4 Qa5 22. Bxc5 Bxc5 23. Qd3 Rhd8 24. Ne2 Qb4 25. c3 Qe4 26. Qxe4 dxe4 27.
Rxd8 Rxd8 28. Kc1 Kc7 29. b4 Bf2 30. Rh2 Be3+ 31. Kc2 Rd2+ 32. Kb3 Bxf4 33.
Nxf4 Rxh2 34. Nxe6+ Kd7 35. Nxg7 f4 36. Kc4 e3 37. Kd5 Rd2+ 38. Ke4 e2 0-1

[Event "SG Winz-Baak 1 - SV Bochum-Linden 1"]
[Site "Verbandsklasse, Gruppe 3 2017"]
[Date "2017.09.17"]
[Round "1.3"]
[White "Schreck, Roland"]
[Black "Boetzel, Martin"]
[Result "1-0"]
[WhiteElo "2111"]
[BlackElo "1758"]
[PlyCount "49"]
[EventDate "2017.??.??"]

1. c4 Nf6 2. Nc3 e6 3. g3 d5 4. d4 c6 5. Bg2 dxc4 6. Nf3 Nbd7 7. a4 Bb4 8. O-O
O-O 9. Qc2 Re8 10. Rd1 Qe7 11. Bf4 Nd5 12. Bg5 f6 13. Bc1 Nxc3 14. bxc3 Bd6 15.
Nd2 c5 16. Nxc4 cxd4 17. cxd4 Bb4 18. a5 a6 19. Rb1 Kh8 20. Qa4 Bd6 21. Nxd6
Qxd6 22. Ba3 Qb8 23. d5 e5 24. d6 Ra7 25. Bc5 1-0

[Event "SG Winz-Baak 1 - SV Bochum-Linden 1"]
[Site "Verbandsklasse, Gruppe 3 2017"]
[Date "2017.09.17"]
[Round "1.4"]
[White "Kraus, Torsten"]
[Black "Schmidt, Ralph"]
[Result "1-0"]
[WhiteElo "1756"]
[BlackElo "1898"]
[PlyCount "85"]
[EventDate "2017.??.??"]

1. d4 e5 2. dxe5 Nc6 3. Nf3 Nge7 4. Bg5 h6 5. Bh4 g5 6. Bg3 Bg7 7. h3 Ng6 8. e3
Ncxe5 9. Nxe5 Nxe5 10. c3 d5 11. Nd2 Be6 12. Nf3 Nxf3+ 13. Qxf3 c6 14. Bd3 Qb6
15. Qe2 Qc5 16. Qc2 Qe7 17. O-O-O O-O 18. Kb1 b5 19. f4 f6 20. f5 Bf7 21. e4 a5
22. exd5 Bxd5 23. Bxb5 Qf7 24. c4 cxb5 25. cxd5 Rac8 26. Qd3 Qd7 27. Rc1 Rc4
28. b3 Rcc8 29. d6 Rfd8 30. Qd5+ Kh7 31. Qe6 Rc6 32. Qxd7 Rxc1+ 33. Rxc1 Rxd7
34. Rc7 Rd8 35. Kc2 Kg8 36. Kd3 Bf8 37. Rc6 Kf7 38. Kd4 Ke8 39. Kd5 h5 40. Ke6
h4 41. Bh2 Bg7 42. Rc7 Bf8 43. d7+ 1-0

[Event "SG Winz-Baak 1 - SV Bochum-Linden 1"]
[Site "Verbandsklasse, Gruppe 3 2017"]
[Date "2017.09.17"]
[Round "1.5"]
[White "Marx, Henning"]
[Black "Wesener, Rainer"]
[Result "1/2-1/2"]
[WhiteElo "1955"]
[BlackElo "1686"]
[PlyCount "38"]
[EventDate "2017.??.??"]

1. d4 f5 2. c4 e6 3. Nc3 Nf6 4. e3 Be7 5. Bd3 d5 6. Qc2 c6 7. Nf3 O-O 8. O-O
Qe8 9. Ne5 Nbd7 10. f4 Ne4 11. Rf3 Nxe5 12. dxe5 b6 13. a3 Ba6 14. cxd5 Bxd3
15. Qxd3 cxd5 16. Ne2 Rc8 17. Bd2 Nc5 18. Qc2 Ne4 19. Qd3 Nc5 1/2-1/2

[Event "SG Winz-Baak 1 - SV Bochum-Linden 1"]
[Site "Verbandsklasse, Gruppe 3 2017"]
[Date "2017.09.17"]
[Round "1.6"]
[White "Franke, Wolfgang"]
[Black "Luek, Harald"]
[Result "1-0"]
[WhiteElo "1784"]
[BlackElo "1769"]
[PlyCount "49"]
[EventDate "2017.??.??"]

1. d4 Nf6 2. Nc3 d5 3. Bg5 Nbd7 4. f3 e6 5. e4 dxe4 6. fxe4 Be7 7. Nf3 c6 8.
Bd3 b6 9. Qe2 Bb7 10. O-O-O Qc7 11. e5 Nd5 12. Ne4 Bf8 13. a3 h6 14. Bd2 b5 15.
g4 O-O-O 16. c4 N5b6 17. c5 Nd5 18. Rhf1 Be7 19. Nd6+ Bxd6 20. exd6 Qb8 21. Ne5
f6 22. Nf7 Rhe8 23. Ba5 N7b6 24. Nxd8 Kxd8 25. Bg6 1-0

[Event "SG Winz-Baak 1 - SV Bochum-Linden 1"]
[Site "Verbandsklasse, Gruppe 3 2017"]
[Date "2017.09.17"]
[Round "1.7"]
[White "Skara, Milenko"]
[Black "Haupt, Horst-Peter"]
[Result "1/2-1/2"]
[WhiteElo "1770"]
[BlackElo "1656"]
[PlyCount "47"]
[EventDate "2017.??.??"]

1. e4 e5 2. Nf3 Nc6 3. Bb5 a6 4. Ba4 b5 5. Bb3 Be7 6. O-O Nf6 7. Re1 d6 8. c3
Bg4 9. h3 Bh5 10. d4 O-O 11. d5 Nb8 12. Nbd2 Nbd7 13. Nf1 h6 14. a4 Nc5 15. Ng3
Bxf3 16. gxf3 Qd7 17. Nf5 Kh7 18. Kh2 Ng8 19. Bc2 g6 20. Nxe7 Nxe7 21. b4 Nxa4
22. Bxa4 bxa4 23. Qxa4 Qxa4 24. Rxa4 1/2-1/2

[Event "SG Winz-Baak 1 - SV Bochum-Linden 1"]
[Site "Verbandsklasse, Gruppe 3 2017"]
[Date "2017.09.17"]
[Round "1.8"]
[White "Suessmann, Holger"]
[Black "Hansen, Friedhelm"]
[Result "0-1"]
[WhiteElo "1573"]
[BlackElo "1744"]
[Annotator "Daniel"]
[PlyCount "104"]
[EventDate "2017.??.??"]

1. e4 e5 2. Nf3 Nc6 3. Bb5 a6 4. Ba4 b5 5. Bb3 Bc5 6. O-O Nf6 7. Nxe5 Nxe5 8.
d4 Bxd4 9. Qxd4 Nc6 10. Qc5 Qe7 11. Qxe7+ Nxe7 12. Re1 h6 13. a4 Bb7 14. axb5
axb5 15. Rxa8+ Bxa8 16. f3 O-O 17. Nc3 $11 Bc6 18. Bf4 Rc8 19. Ra1 Ng6 20. Bg3
d6 21. Ra6 Bd7 22. Nd5 Nxd5 23. Bxd5 c6 24. Bb3 Ne5 25. Ra7 Rd8 26. Bh4 g5 27.
Bf2 Kf8 28. h4 Be6 29. Bxe6 fxe6 30. Rh7 Nf7 31. hxg5 hxg5 32. b3 Kg8 33. Rh5
Kg7 34. Be3 Kg6 35. Rh3 e5 36. Rg3 Ra8 37. f4 exf4 38. Bxf4 Re8 39. c4 bxc4 40.
bxc4 Rxe4 41. Bd2 Rxc4 42. Kf2 d5 43. Re3 Rf4+ 44. Kg3 d4 45. Rd3 Ne5 46. Ra3
Re4 47. Ra8 Rg4+ 48. Kf2 Kf5 49. Rf8+ Ke4 50. Rg8 Nd3+ 51. Kf1 Nf4 52. Re8+ Kd3
0-1

[Event "SC Lünen Horstmar 1 - SG Mengede 1"]
[Site "Verbandsklasse, Gruppe 3 2017"]
[Date "2017.09.17"]
[Round "1.1"]
[White "Borgschulze, Maik"]
[Black "Bauch, Olaf"]
[Result "1-0"]
[WhiteElo "2144"]
[BlackElo "1897"]
[PlyCount "61"]
[EventDate "2017.??.??"]

1. d4 Nf6 2. c4 g6 3. Nc3 d5 4. cxd5 Nxd5 5. e4 Nxc3 6. bxc3 Bg7 7. Bc4 O-O 8.
Ne2 c5 9. O-O cxd4 10. cxd4 Nc6 11. Be3 Na5 12. Bd3 b6 13. Rc1 Bb7 14. Qa4 Rc8
15. Bg5 Qd6 16. Bd2 Bc6 17. Qb4 Qd7 18. d5 e6 19. Ba6 Bb7 20. Bb5 Qd8 21. Rxc8
Bxc8 22. Nf4 Be5 23. Nd3 Bg7 24. d6 e5 25. f4 f6 26. Bc3 Be6 27. fxe5 fxe5 28.
Rxf8+ Bxf8 29. Bxe5 Qg5 30. Bb2 Bh3 31. Bc4+ 1-0

[Event "SC Lünen Horstmar 1 - SG Mengede 1"]
[Site "Verbandsklasse, Gruppe 3 2017"]
[Date "2017.09.17"]
[Round "1.2"]
[White "Seref, Serkan"]
[Black "Pauling, Markus"]
[Result "0-1"]
[WhiteElo "1832"]
[BlackElo "2141"]
[Annotator "Daniel"]
[PlyCount "60"]
[EventDate "2017.??.??"]

1. Nf3 d5 2. d4 Nf6 3. Bf4 c6 4. e3 Qb6 5. Qc1 Bf5 6. Nbd2 e6 7. h3 Nbd7 8. Be2
h6 9. O-O g5 10. Be5 Nxe5 11. Nxe5 h5 12. Bd3 Bxd3 13. Nxd3 $11 Be7 14. Rb1 Ne4
15. Nxe4 dxe4 16. Ne5 g4 17. Kh1 Rg8 18. Nc4 Qb5 19. Ne5 f6 20. a4 Qa6 21. hxg4
fxe5 22. gxh5 exd4 23. exd4 O-O-O 24. Qh6 Qc4 25. b3 Qd5 26. c4 Qf5 27. d5 Bf6
28. dxc6 Rh8 29. cxb7+ Kxb7 30. g4 Qf3+ 0-1

[Event "SC Lünen Horstmar 1 - SG Mengede 1"]
[Site "Verbandsklasse, Gruppe 3 2017"]
[Date "2017.09.17"]
[Round "1.3"]
[White "Delvos, Thorsten"]
[Black "Titschert, Julian"]
[Result "1/2-1/2"]
[WhiteElo "1972"]
[BlackElo "1812"]
[PlyCount "65"]
[EventDate "2017.??.??"]

1. c4 Nf6 2. g3 g6 3. Bg2 Bg7 4. Nc3 d6 5. d3 Nbd7 6. e4 Rb8 7. Nge2 a6 8. O-O
O-O 9. h3 b5 10. cxb5 axb5 11. Nd4 Rb6 12. Ndxb5 Ba6 13. Na3 Ne5 14. d4 Nd3 15.
Qd2 Nh5 16. Ne2 Nxc1 17. Raxc1 Bxe2 18. Qxe2 Bxd4 19. Rc2 c5 20. Kh2 Qb8 21. b3
Ng7 22. Nc4 Ra6 23. f4 Qa7 24. e5 Rd8 25. exd6 exd6 26. Bd5 Re8 27. Qd2 h5 28.
a4 Nf5 29. Qd3 Kf8 30. Re2 Rxe2+ 31. Qxe2 Bf6 32. Qe4 Qe7 33. Re1 1/2-1/2

[Event "SC Lünen Horstmar 1 - SG Mengede 1"]
[Site "Verbandsklasse, Gruppe 3 2017"]
[Date "2017.09.17"]
[Round "1.4"]
[White "Seref, Okan"]
[Black "Weinert, Christian"]
[Result "1/2-1/2"]
[WhiteElo "1729"]
[BlackElo "1959"]
[PlyCount "45"]
[EventDate "2017.??.??"]

1. d4 Nf6 2. Nf3 e6 3. c4 b6 4. g3 Bb7 5. Bg2 Bb4+ 6. Bd2 Qe7 7. O-O Bxd2 8.
Nbxd2 d6 9. b4 O-O 10. Qc2 e5 11. d5 a5 12. a3 Nbd7 13. e4 Ra7 14. Rfc1 Rfa8
15. Qc3 Qe8 16. Ne1 axb4 17. axb4 Ra4 18. Nd3 Rxa1 19. Rxa1 Rxa1+ 20. Qxa1 Qa8
21. Qxa8+ Bxa8 22. f4 Kf8 23. fxe5 1/2-1/2

[Event "SC Lünen Horstmar 1 - SG Mengede 1"]
[Site "Verbandsklasse, Gruppe 3 2017"]
[Date "2017.09.17"]
[Round "1.5"]
[White "Bork, Sophie"]
[Black "Atasoy, Tarik"]
[Result "1-0"]
[WhiteElo "1888"]
[BlackElo "1753"]
[PlyCount "49"]
[EventDate "2017.??.??"]

1. e4 c5 2. c3 Nf6 3. e5 Nd5 4. Nf3 Nc6 5. d4 cxd4 6. cxd4 d6 7. Bc4 Nb6 8. Bb5
dxe5 9. Nxe5 Bd7 10. Nxd7 Qxd7 11. Nc3 e6 12. Qg4 h5 13. Qe4 Be7 14. O-O Rd8
15. a4 a6 16. Bxc6 Qxc6 17. Qxc6+ bxc6 18. Be3 Nc4 19. Rab1 Nxe3 20. fxe3 c5
21. Rfd1 cxd4 22. exd4 Rxd4 23. Rxd4 Bc5 24. Ne2 e5 25. Rc1 1-0

[Event "SC Lünen Horstmar 1 - SG Mengede 1"]
[Site "Verbandsklasse, Gruppe 3 2017"]
[Date "2017.09.17"]
[Round "1.6"]
[White "Akcapinar, Yavuz"]
[Black "Malstaedt, Frank"]
[Result "1/2-1/2"]
[WhiteElo "1740"]
[BlackElo "1776"]
[Annotator "Daniel"]
[PlyCount "75"]
[EventDate "2017.??.??"]

1. e4 g6 2. Nc3 Bg7 3. f4 c5 4. Nf3 Nc6 5. Bb5 Nd4 6. O-O a6 7. Bc4 b5 8. Bd5
Rb8 9. e5 e6 10. Be4 d5 11. exd6 Qxd6 12. Nxd4 cxd4 13. Ne2 f5 14. Bf3 Bb7 15.
d3 Ne7 16. Bd2 O-O 17. a3 Qb6 18. Bb4 Rfe8 19. Bxe7 $11 Rxe7 20. Kh1 Rc8 21.
Ng1 e5 22. fxe5 Rxe5 23. Bxb7 Qxb7 24. b3 Qc6 25. Ra2 Rce8 26. a4 b4 27. Qd2 a5
28. Raa1 Qe6 29. Qf2 Re3 30. Rfd1 h6 31. Rf1 Kh7 32. Rab1 Qc6 33. Ra1 Qc3 34.
Rfd1 Bf6 35. Rf1 Bd8 36. Rfd1 Bc7 37. Rab1 Bb8 38. Rd2 1/2-1/2

[Event "SC Lünen Horstmar 1 - SG Mengede 1"]
[Site "Verbandsklasse, Gruppe 3 2017"]
[Date "2017.09.17"]
[Round "1.7"]
[White "Ewers, Christian"]
[Black "Hagedorn, Dirk"]
[Result "1/2-1/2"]
[WhiteElo "1764"]
[BlackElo "1764"]
[PlyCount "37"]
[EventDate "2017.??.??"]

1. e4 d6 2. d4 Nf6 3. Nc3 c6 4. f4 Qa5 5. Bd3 e5 6. Nf3 Bg4 7. Be3 Nbd7 8. Qd2
Be7 9. h3 Bh5 10. g4 exf4 11. Bxf4 Bg6 12. b4 Qc7 13. O-O O-O 14. Rab1 a6 15.
e5 Nd5 16. Bh2 Nxc3 17. Qxc3 dxe5 18. Bxg6 hxg6 19. dxe5 1/2-1/2